MARC

LEADER 00000nam0a2200000 4500
001 276619
005 20231031231152.0
020 |a RU  |b 85-103687 
035 |a (RuTPU)RU\TPU\book\299892 
090 |a 276619 
100 |a 20141124d1985 k y0rusy5003 ca 
101 0 |a rus 
102 |a RU 
105 |a a z 000zy 
200 1 |a Дефекты и массоперенос в твердофазных соединениях переходных элементов  |e сборник статей  |f Академия наук СССР (АН СССР), Уральский научный центр (УНЦ) ; под ред. А. А. Фотиева ; Р. Н. Плетнева 
210 |a Свердловск  |c Изд-во УНЦ АН СССР  |d 1985 
215 |a 124 с.  |c ил. 
610 1 |a ионы 
610 1 |a электроны 
610 1 |a химическая диффузия 
610 1 |a дефектная структура 
610 1 |a оксид ванадия 
610 1 |a дефектообразование 
610 1 |a переходные металлы 
610 1 |a бинарные полупроводники 
675 |a 548.4  |v 4 
702 1 |a Фотиев  |b А. А.  |4 340 
702 1 |a Плетнев  |b Р. Н.  |4 340 
712 0 2 |a Академия наук СССР (АН СССР)  |b Уральский научный центр (УНЦ)  |2 stltpush  |3 (RuTPU)RU\TPU\col\3284 
801 0 |a RU  |b RuMRKP  |c 19950704  |g psbo 
801 1 |a RU  |b 63413507  |c 20141124 
801 2 |a RU  |b 63413507  |c 20200819  |g RCR 
942 |c BK